Statistics for Major Armed Conflicts of the 20th Century

Click here to take the quiz!

General Stats

  • This quiz has been taken 332 times
    (90 since last reset)
  • The average score is 7 of 12

Answer Stats

Date of ConflictAnswer% Correct
1955-1975Vietnam War
88%
1950-1953Korean War
87%
1914-1918World War One
87%
1939-1945World War Two
86%
1978-2021War in Afghanistan
68%
1917-1922Russian Civil War
62%
1927-1949Chinese Civil War
57%
1980-1988Iran-Iraq War
57%
1937-1945Second Sino-Japanese War
34%
1998-2003Second Congo War
22%
1910-1920Mexican Revolution
21%
1967-1970Nigerian Civil War
16%

Score Distribution

Percentile by Number Answered

Percent of People with Each Score

Your Score History

You have not taken this quiz since the last reset